Nazwij dzielnice/osiedla torunia/name the regions of Toruń - Statystyki

Ogólne statystyki
  • Ten quiz został rozwiązany 13 razy
  • Średni wynik to 2 z 16
Statystyki odpowiedzi
Hint Odpowiedź % Poprawnych
O- J- Osiedle JAR
69%
O- M- Osiedle Młodych
31%
J- Jordanki
15%
L- P- Leśna Polana
15%
W- Wrzosy II
15%
B- Brzezina
8%
O- R- Osiedle Reja
8%
P- Piaski
8%
D- P- Działki PZWANN
0%
D- S- J- Działki Świętego Józefa
0%
K- Krowieniec
0%
O- K- Osiedle Kochanowskiego
0%
O- S- -K- Osiedle Świętego klemensa
0%
S- Solanki
0%
T- Toruniak
0%
Z- Zieleniec
0%
Nie znaleziono quizów pasujących do podanych kryteriów
Rozkład punktacji
Procent ludzi z każdym wynikiem
Percentyl według liczby udzielonych odpowiedzi
Twoja historia wyników
Nie rozwiązałeś tego quizu